Quizzes
Events
Quiz Creation
Community
Videos
Private Events
Remove Ads
Sign In
Join for FREE
Feedback
Dark Mode
Quiz Categories
Sports
Geography
Music
Movies
Television
Just For Fun
Miscellaneous
History
Literature
Language
Science
Gaming
Entertainment
Religion
Holiday
For Kids
Quiz Lab
Recent
Popular Today
Quiz Kudos Today
Editor Picks
Curator Picks
Quizzes by...
Day
Popularity
Type
Ratings
Length
Year
Community
Subscriptions
Recent Discussions
Orange Saloon
Badges
Playlists
Quests
Create
Leaderboards
Showdown
Live 5
Trivia Bingo
Activity
Puzzle Library
Sporcle Events
Private Events
Virtual Trivia
Globe League
Become a Host
Pub Owners
SporcleCon
Opinionation
Our Games
Videos
Blog
Mobile Apps
Partnerships
Remove Ads and Go Orange
Feedback
Religion
Mythology
Religious Music
World Religions
Bible
Christianity
Catholicism
Judaism
Church
Scripture
Islam
Verse
Religion
Mythology
Religious Music
World Religions
Bible
Christianity
Catholicism
Judaism
Church
Scripture
Islam
Verse
Random Quiz
Search Sporcle
×
Quiz Lab
Quiz Lab
Religion
Latin
Type in answers that appear in a list
Type in answers that appear in a list
Classic
Best Score? Go Orange.
Can You Name the Papal Social Encyclicals? Stats
Can you name the Papal Social Encyclicals?
By
jcmckinney
10m
10 Questions
17 Plays
17 Plays
17 Plays
Comments
Comments
Give Quiz Kudos
Give Quiz Kudos
-
- Ratings
hide this ad
Random Order
Randomize order of answers
Randomize order of answers
Replay
Link that replays current quiz
Next Quiz
Link to next quiz in quiz playlist
You Got
0%
They Got
Avg Score
38%
Avg Friend Score
Upgrade to see
Score Distribution
Jump to the score distribution portion of the page
Score
0/10
Timer
10:00
0
Plays Today
Latin Form of Encyclical
Papal Social Encyclical
% Correct
Pacem in Terris
Peace on Earth
82.4%
Mater et Magistra
Mother and Teacher
52.9%
Octogesima Adveniens
Call to Action
47.1%
Populorum Progressio
The Development of People
41.2%
Caritas in Veritate
Charity in Truth
41.2%
Rerum Novarum
Condition of Workers
35.3%
Laborem Exercens
Human Work
35.3%
Sollicitudo Rei Socialis
Social Concerns
29.4%
Quadragesimo Anno
Reconstruction of Social Order
11.8%
Centesimus Annus
The Hundredth Year
5.9%
Quiz Playlist
Details
Report
Send in Message
Add To Playlist
Classic:
Type in answers that appear in a list
Random Order:
Randomize order of answers
Quiz Source
Last Updated: Feb 16, 2017
Quiz Scoreboard
CHALLENGE
Sign Up to Join the Scoreboard
Show All
Scores
Hide
Comments
May contain spoilers
Recently Published
Movies - When Are They Set?
by FPL_Elf
Movies
5m
Popular People in 1961
by mucciniale
History
6m
1-10 Letter E Words III
by El_Dandy
Language
2m
More to Explore
Quiz From the Vault
Featured Blog Post
Where Did the Easter Bunny Come From?
hide this ad
You Might Also Like...
Tags
Latin Quiz
Encyclical
form
help
little
papal
social
Today's Top Quizzes in Religion
Browse Religion
hide this ad
Today's Top Quizzes in Latin
Browse Latin
Top Contributed Quizzes in Religion
1
10 to 1: Islam
2
10 to 1: Protestantism
3
10 to 1: Norse Religion
4
10 to 1: Judaism
5
Names of Surahs in the Quran
6
10 to 1: Hinduism
7
One Thing in Common: Mythology
8
One Thing in Common: Mythology II
9
Order Up: Seven Last Words of Christ
10
Language by 'Haggadah' Cover
Explore More
Trending Topics
Kpop
Crossword
Anime
Marvel
NBA
Harry Potter
Disney
WWE
Puzzle
Pokémon
NFL
Soccer
The Office
Country
Song
hide this ad
More By:
jcmckinney
Quiz
Plays
Rating
Category
Featured
Created
Can You Name the Papal Social Encyclicals?
17
Religion
Nov 4, 2009
Go to Creator's Profile
Score Distribution
Quiz Creator Spotlight
jcmckinney
Follow
Send a Message
Quizzes Created
-
Created Quiz Play Count
-
More By This Creator
Popular Quizzes Today
1
Find the US States - No Outlines Minefield
2
Find the Countries of Europe - No Outlines Minefield
3
The Countries of the World
4
Popular People in 1961
5
1-10 Letter E Words III
6
US States
7
Find the US States
8
One Thing in Common: World Cities II
More Religion Quizzes
Religious Figures by Stamps
Published
Trending Quizzes
Risky Map Clicking: Least Populous States A-Z
1-10 Letter F Words
1-10 Letter G Words
One Thing in Common: United Kingdom
Risky Map Clicking: Next State Alphabetically
Recently Updated
Leaping Animals
pecheneg
Reality TV Shows (A-Z)
bhenderson79
Rickey Henderson's Hall of Fame Teammates
pecheneg
Champions League XIs: Arsenal
pecheneg
Quick Pick: Celebrities in WWE's Hall of Fame
aduchscher
A-Z Keypad Blitz II
pecheneg
Multiple Oscar Actors
pecheneg
Mystery Phrase Blitz: Oscar 'Best Actors'
pecheneg
F. Scott Fitzgerald Novels
LTH
Pick 3 Villains
ddd62291
Trending Topics
Crossword
Marvel
Anime
Disney
Harry Potter
NBA
Kpop
Country
Song
NFL
Pokémon
The Office
Puzzle
WWE
Soccer
Your Account Isn't Verified!
In order to create a playlist on Sporcle, you need to verify the email address you used during registration. Go to your
Sporcle Settings
to finish the process.
Report this User
Report this user for behavior that violates our
Community Guidelines
.
Details:
Send Report
Go to the Sporcle.com Mobile Site →
Comments